[Event "2nd Milk Tournament"]
[Site "Selfoss ISL"]
[Date "2003.10.30"]
[Round "2"]
[White "Stefansson,H"]
[Black "Rowson,J"]
[Result "1/2-1/2"]
[WhiteElo "2567"]
[BlackElo "2541"]
[EventDate "2003.10.29"]

1. e4 c5 2. Nf3 d6 3. d4 Nf6 4. Nc3 cxd4 5. Nxd4 a6 6. Be3 e6 7. Be2 Nbd7
8. g4 h6 9. f4 g6 10. Bf3 e5 11. Nde2 exf4 12. Nxf4 Ne5 13. Rg1 Be6 14. Qe2
Rc8 15. Bd4 Bg7 16. O-O-O Nfd7 17. Ncd5 O-O 18. Qf2 Re8 19. Kb1 b5 20. Be2
Nc5 1/2-1/2

[Event "2nd Milk Tournament"]
[Site "Selfoss ISL"]
[Date "2003.10.31"]
[Round "3"]
[White "Rowson,J"]
[Black "Sokolov,I"]
[Result "0-1"]
[WhiteElo "2541"]
[BlackElo "2695"]
[EventDate "2003.10.29"]

1. e4 e5 2. Nf3 Nc6 3. Bc4 Bc5 4. c3 Nf6 5. d4 exd4 6. e5 d5 7. Bb5 Ne4 8.
cxd4 Bb6 9. Nc3 O-O 10. Bxc6 bxc6 11. Be3 f5 12. exf6 Qxf6 13. Qb3 Qg6 14.
Ne5 Qxg2 15. O-O-O Nxf2 16. Rhg1 Nxd1 17. Rxg2 Nxe3 18. Re2 Bxd4 19. Nxc6
Bb6 20. Nxd5 Rf1+ 21. Kd2 Rd1+ 22. Kc3 Rc1+ 23. Kd2 Rc2+ 24. Ke1 Rxe2+ 25.
Kxe2 Ba6+ 26. Kd2 Bc4 27. Nde7+ Kh8 28. Qc3 Rf8 29. Qe5 Bxa2 30. Qh5 Rf2+
31. Kc3 Bf7 32. Qh3 Nd1+ 33. Kd3 Nxb2+ 34. Ke4 Re2+ 35. Kf4 Be6 36. Ng6+
Kg8 37. Nce7+ Kf7 38. Qxh7 Nd3+ 39. Kf3 Re3+ 40. Kg2 Bh3+ 0-1

[Event "2nd Milk Tournament"]
[Site "Selfoss ISL"]
[Date "2003.11.02"]
[Round "4"]
[White "Bologan,V"]
[Black "Rowson,J"]
[Result "1/2-1/2"]
[WhiteElo "2673"]
[BlackElo "2541"]
[EventDate "2003.10.29"]

1. e4 c5 2. Nf3 d6 3. Bb5+ Nd7 4. O-O Ngf6 5. Re1 a6 6. Bf1 b6 7. d4 cxd4
8. Nxd4 Bb7 9. f3 g6 10. c4 Bg7 11. Nc3 Rc8 12. a4 Ne5 13. b3 O-O 14. Be3
e6 15. Rc1 Re8 16. h3 Qc7 17. Qd2 Qb8 18. Red1 Rcd8 19. Bg5 Ned7 20. Nde2
d5 21. exd5 exd5 22. cxd5 Nc5 23. Rb1 Rd7 24. Bf4 Qa8 25. d6 Ne6 26. Bh2
Bf8 27. Qe3 Qd8 28. Qd2 Ng7 29. Nd4 Bxd6 30. Bxd6 Rxd6 31. Qf2 Re7 32. Nc2
Red7 33. Rxd6 Rxd6 34. Re1 Rd2 35. Re2 Rd3 36. Re3 Rd2 37. Re2 Rd3 38. Re3
1/2-1/2

[Event "2nd Milk Tournament"]
[Site "Selfoss ISL"]
[Date "2003.11.03"]
[Round "5"]
[White "Stefansson,H"]
[Black "Sokolov,I"]
[Result "0-1"]
[WhiteElo "2567"]
[BlackElo "2695"]
[EventDate "2003.10.29"]

1. e4 e5 2. Nf3 Nc6 3. Bb5 a6 4. Ba4 Nf6 5. O-O Be7 6. Re1 b5 7. Bb3 d6 8.
c3 O-O 9. h3 Nb8 10. d4 Nbd7 11. Nbd2 Bb7 12. Bc2 c5 13. Nf1 Re8 14. Ng3
cxd4 15. cxd4 exd4 16. Bf4 d3 17. Qxd3 Nc5 18. Qd4 Rc8 19. Rac1 Bf8 20. Bd2
g6 21. Bg5 Ne6 22. Qd2 Nxg5 23. Nxg5 h6 24. Nf3 Bg7 25. Re2 Nd7 26. Rd1 Nc5
27. b4 Ne6 28. Bb3 Rc7 29. Re3 Qa8 30. Rd3 Bf8 31. Bd5 Qc8 32. Ne1 Ng5 33.
f3 Bxd5 34. Rxd5 Bg7 35. Ne2 Bf8 36. Rd3 Rc4 37. Nf4 Ne6 38. Nd5 Qd8 39.
Nc2 Qh4 40. Nde3 Rc6 41. Rc3 Rec8 42. Rxc6 Rxc6 43. Qf2 Qd8 44. h4 h5 45.
g3 Bg7 46. Kg2 a5 47. bxa5 Kh7 48. Qd2 Ra6 49. Nb4 Ra8 50. a6 Qa5 51. Ned5
Nc5 52. Qf4 Nxa6 53. Nc6 Qxa2+ 54. Rd2 Qc4 55. Na5 Qc1 56. Nb3 Qe1 57. Nf6+
Kh8 58. Qxd6 Nc5 59. Qd5 Rf8 60. Nd7 Bh6 0-1

[Event "2nd Milk Tournament"]
[Site "Selfoss ISL"]
[Date "2003.11.04"]
[Round "6"]
[White "Fressinet,L"]
[Black "Sokolov,I"]
[Result "1/2-1/2"]
[WhiteElo "2654"]
[BlackElo "2695"]
[EventDate "2003.10.29"]

1. e4 e5 2. Nf3 Nc6 3. Bb5 a6 4. Ba4 Nf6 5. O-O Be7 6. Re1 b5 7. Bb3 d6 8.
c3 O-O 9. h3 Na5 10. Bc2 c5 11. d4 Qc7 12. d5 Nc4 13. a4 Bd7 14. b3 Nb6 15.
a5 Nc8 16. b4 c4 17. Nbd2 Bd8 18. Nf1 Ne8 19. g4 Ne7 20. Ng3 Kh8 21. Kh2
Ng8 22. Rg1 g6 23. Be3 Ng7 24. Nd2 Bf6 25. Qf3 1/2-1/2

[Event "2nd Milk Tournament"]
[Site "Selfoss ISL"]
[Date "2003.11.05"]
[Round "7"]
[White "Thorhallsson,T"]
[Black "Fressinet,L"]
[Result "1/2-1/2"]
[WhiteElo "2444"]
[BlackElo "2654"]
[EventDate "2003.10.29"]

1. e4 e5 2. Nf3 Nc6 3. d4 exd4 4. Nxd4 Bc5 5. Nb3 Bb6 6. Nc3 Nge7 7. Bc4 d6
8. Bg5 Be6 9. Qe2 h6 10. Bh4 Qd7 11. O-O-O O-O-O 12. Nd5 Rde8 13. Bxe7 Nxe7
14. Bb5 c6 15. Nxb6+ axb6 16. Bc4 d5 17. Rhe1 b5 18. Bd3 Qc7 19. g3 Kb8 20.
Kb1 dxe4 21. Qxe4 Nd5 22. Qd4 Nf6 23. Nc5 Bxa2+ 24. Kxa2 Rxe1 25. Rxe1 Qa5+
26. Kb3 Qxe1 27. Na6+ Ka8 28. Nc7+ Kb8 29. Na6+ Ka8 1/2-1/2